LEADER 00831nam a2200229 i 4500 001 000000146340 003 CaOOAMICUS 005 20051228000000.0 008 051228s1914 it u000 u ita u 013 $a123021 040 $aSeMil$bita 100 1 $aDonadoni, Eugenio.$0(OLS)http://semarc/name/8950 245 13$aIl sudario :$bpagine di passione e di dubbio /$cEugenio Donadoni. 260 $aMilano :$bG. Puccini & F.,$c1914. 300 $a268 p. ;$c19 cm. 500 $aFondo Ciprandi. 850 $aSeMil 852 $aSeMil$W1$xVenegono$y1$m1B I 158$j99020$B99020$CSeMilBibl$Z2$F107377 $81 941 1 $a1 961 $aOmaggio: Ciprandi dott. Paolo 996 $6245$aIl sudario :$bpagine di passione e di dubbio$9(OLS)http://semarc/title/214012 996 $6260$aMilano :$bG. Puccini & F.$9(OLS)http://semarc/publisher/47711 LEADER 00568nab a2200169 i 4500 001 000000291729 003 CaOOAMICUS 005 20171201000000.0 008 171201n xx uu u0 0und r 013 $a47228 020 $a978-88-343-3431-7 040 $aSeMil$bita 245 10$a[SENZA TITOLO]. 500 $aLuglio-Settembre 2017 [stampa Settembre 2017]. 773 0 $t[2017].$dMilano : Vita e Pensiero, copyr. 2017 (stampa 2017-2018)$w()253753 996 $6020$a978-88-343-3431-7$9(OLS)http://semarc/number/285139 996 $6245$a[SENZA TITOLO]$9(OLS)http://semarc/title/354609